شرح ابن عقيل قاضي القضاة بهاء الدين عبد الله بن عقيل العقيلي الهمذاني المصري على ألفية الإمام الحجة الثبت أبي عبد الله محمد جمال الدين بن مالك، ج1 (Record no. 30266)
[ view plain ]
| 000 -LEADER | |
|---|---|
| fixed length control field | 00844nam a2200193Ii 4500 |
| 003 - CONTROL NUMBER IDENTIFIER | |
| control field | JO-AjNU |
| 008 - FIXED-LENGTH DATA ELEMENTS--GENERAL INFORMATION | |
| fixed length control field | 230605s9999||||xx |||||||||||||| ||und|| |
| 040 ## - CATALOGING SOURCE | |
| Original cataloging agency | JO-AjNU |
| Language of cataloging | ara |
| Description conventions | rda |
| Transcribing agency | JO-AjNU |
| 041 ## - LANGUAGE CODE | |
| Language code of text/sound track or separate title | ara |
| 050 14 - LIBRARY OF CONGRESS CALL NUMBER | |
| Classification number | PJ6101.I27 1960z |
| 100 3# - MAIN ENTRY--PERSONAL NAME | |
| Personal name | تاليف عبد الحميد، محمد محي الدين, |
| Relator term | author |
| 9 (RLIN) | 59340 |
| 245 00 - TITLE STATEMENT | |
| Title | شرح ابن عقيل قاضي القضاة بهاء الدين عبد الله بن عقيل العقيلي الهمذاني المصري على ألفية الإمام الحجة الثبت أبي عبد الله محمد جمال الدين بن مالك، ج1 |
| 264 31 - PRODUCTION, PUBLICATION, DISTRIBUTION, MANUFACTURE, AND COPYRIGHT NOTICE | |
| Place of production, publication, distribution, manufacture | د.م: د.ن |
| 300 ## - PHYSICAL DESCRIPTION | |
| Extent | ج1: 686ص |
| 336 ## - CONTENT TYPE | |
| Content type term | text |
| Content type code | txt |
| Source | rdacontent |
| 337 ## - MEDIA TYPE | |
| Media type term | unmediated |
| Media type code | n |
| Source | rdamedia |
| 338 ## - CARRIER TYPE | |
| Carrier type term | volume |
| Carrier type code | nc |
| Source | rdacarrier |
| 650 #4 - SUBJECT ADDED ENTRY--TOPICAL TERM | |
| Topical term or geographic name entry element | اللغة العربية- نحو- صرف |
| 9 (RLIN) | 59341 |
| Withdrawn status | Lost status | Source of classification or shelving scheme | Damaged status | Not for loan | Home library | Current library | Shelving location | Date acquired | Total Checkouts | Full call number | Barcode | Date last seen | Price effective from | Koha item type |
|---|---|---|---|---|---|---|---|---|---|---|---|---|---|---|
| Library of Congress Classification | مكتبة جامعة عجلون الوطنية | مكتبة جامعة عجلون الوطنية | المجموعات العامة | 06/06/2023 | PJ6101.I27 1960z | A26698 | 06/06/2023 | 06/06/2023 | Books |